| Fine Arts - Classical Music and Opera | 6 | 11.67 | 100% | 17% | 0% |
| Fine Arts - Other Arts | 3 | 6.67 | 33% | 33% | 0% |
| Fine Arts - Painting and Sculpture | 7 | 14.29 | 100% | 14% | 29% |
| Geography | 3 | 23.33 | 100% | 100% | 33% |
| History - American History | 7 | 12.86 | 100% | 14% | 14% |
| History - European History | 3 | 10.00 | 67% | 33% | 0% |
| History - Other History | 5 | 8.00 | 80% | 0% | 0% |
| History - World History | 8 | 15.00 | 100% | 38% | 13% |
| Literature - American Literature | 6 | 13.33 | 100% | 33% | 0% |
| Literature - British Literature | 5 | 14.00 | 100% | 40% | 0% |
| Literature - European Literature | 5 | 16.00 | 100% | 60% | 0% |
| Literature - World Literature | 7 | 12.86 | 100% | 29% | 0% |
| Modern World | 1 | 20.00 | 100% | 100% | 0% |
| Mythology | 1 | 10.00 | 100% | 0% | 0% |
| Other Academic | 3 | 23.33 | 100% | 67% | 67% |
| Other Culture | 2 | 10.00 | 50% | 50% | 0% |
| Other Science (Astronomy) | 1 | 10.00 | 100% | 0% | 0% |
| Other Science (Computer Science) | 1 | 20.00 | 100% | 100% | 0% |
| Other Science (Earth Science) | 1 | 0.00 | 0% | 0% | 0% |
| Other Science (Engineering) | 1 | 20.00 | 100% | 100% | 0% |
| Other Science (Math) | 3 | 13.33 | 100% | 33% | 0% |
| Other Science (Mixed/Any) | 1 | 10.00 | 100% | 0% | 0% |
| Philosophy | 3 | 16.67 | 67% | 67% | 33% |
| Religion | 5 | 12.00 | 100% | 20% | 0% |
| Science - Biology | 11 | 4.55 | 36% | 9% | 0% |
| Science - Chemistry | 6 | 10.00 | 100% | 0% | 0% |
| Science - Physics | 7 | 7.14 | 57% | 14% | 0% |
| Social Science | 4 | 22.50 | 100% | 100% | 25% |